| 000 | 00488cam a2200181ua 4500 | ||
|---|---|---|---|
| 020 |
_a81-7008-064-9 _cRs 40.00 |
||
| 041 |
_aeng _h |
||
| 082 |
_a620.101 _bDHA/E |
||
| 100 | _aDhawan, R K. | ||
| 245 |
_aEngineering mechanics and strength of materials _hTextual Documents |
||
| 250 |
_a1 / _b. |
||
| 260 |
_aNew Delhi : _bKatson publishing house & B .D Kataria & Sons , _c1987. |
||
| 300 | _a374 ; . | ||
| 365 | _aRs 40.00 | ||
| 504 | _a | ||
| 942 | _cBK | ||
| 999 |
_c200 _d200 |
||